Melawat Zoo
| Format: | Book |
|---|---|
| Published: |
Selangor :
Early Learner Publication Sdn.Bhd ,
2005
|
| Series: | Siri eksplorasi sains
|
| Subjects: |
MARC
| LEADER | 00000cam a2200000 7i4500 | ||
|---|---|---|---|
| 001 | 0000007093 | ||
| 005 | 20220105104028.0 | ||
| 008 | 070828 | ||
| 020 | |a 9833258786 | ||
| 020 | |a 9833258859 (set) | ||
| 090 | 0 | 0 | |a JP |b SC MAL (6942) |
| 245 | 1 | 0 | |a Melawat Zoo |
| 260 | |a Selangor : |b Early Learner Publication Sdn.Bhd , |c 2005 | ||
| 440 | |a Siri eksplorasi sains | ||
| 500 | |a Children age 4-6 years old (yellow) | ||
| 650 | 0 | |a Science |x Fiction | |
| 999 | |a 0000988685 |b Book |c Children Collection |e Perbadanan Perpustakaan Awam Johor | ||